000 00679cam a22002291 4500
001 sa 63004185
003 DLC
005 20260227111947.0
008 950217s1962 ii 000 1 hino
010 _asa 63004185
035 _a(OCoLC)32010060
040 _aDLC
_cCU
_dCU
_dWaU
_dDLC
042 _apremarc
050 0 0 _aPK2098.Y23
_bC5
100 1 _aYādava, Rājendra,
_d1929-2013.
240 1 0 _aShort stories
245 1 0 _aChoṭe choṭe Tājamahala :
_bkahānī-saṅgraha /
_cRājendra Yādava.
246 1 _iTitle on t.p. verso:
_aChhote chhote Tajmahal
260 _aDillī :
_bRājapāla Eṇḍa Sanza,
_c[1962?]
300 _a213 p.
_c19 cm.
546 _aIn Hindi.
999 _c55516
_d55516